|
|
|
|
| LEADER |
02043na a2200337 4500 |
| 001 |
000032960 |
| 003 |
9085 |
| 005 |
20230529103122.0 |
| 008 |
151009s2014 000 eng |
| 040 |
|
|
|a LNN
|
| 041 |
|
|
|a ENG
|
| 082 |
|
|
|a 420
|b NG-H
|
| 100 |
|
|
|a Nguyễn Thị Hoa
|
| 260 |
|
|
|a ĐHĐN :
|b ĐHNN.
|
| 300 |
|
|
|a 26tr. ;
|c 29cm.
|
| 653 |
|
|
|a names nand concepts
|
| 700 |
|
|
|a Trần Quang Hải
|e supervisor
|
| OWN |
|
|
|a LNN
|
| AVA |
|
|
|a UDN50
|b LNN
|c English
|d 420 NG-H
|e available
|t Error 5001 Not defined in file expand_doc_bib_avail.
|f 1
|g 0
|h N
|i 0
|j AN
|k 1
|
| Z40 |
3 |
|
|l Library of UFL
|t VIEW
|x http://catalog.udn.vn:80/F?func=service&doc_library=UDN01&local_base=UDN01&doc_number=000032960&sequence=000001&line_number=0001&func_code=DB_RECORDS&service_type=MEDIA
|f TOMTAT_000024764.pdf
|e pdf
|s 000273369
|k 20230529
|m NTMTHI
|
| Z40 |
3 |
|
|l Library of UFL
|t VIEW
|x http://catalog.udn.vn:80/F?func=service&doc_library=UDN01&local_base=UDN01&doc_number=000032960&sequence=000002&line_number=0002&func_code=DB_RECORDS&service_type=MEDIA
|f luanvan_000024766.pdf
|e pdf
|s 000800898
|k 20230529
|m NTMTHI
|
| 999 |
|
|
|a From the UDN01
|
| AVA |
|
|
|a UDN50
|b LNN
|c English
|d 420 NG-H
|e available
|t Error 5001 Not defined in file expand_doc_bib_avail.
|f 1
|g 0
|h N
|i 0
|j AN
|k 1
|
| TYP |
|
|
|a Printed language
|
| 856 |
|
|
|l Library of UFL
|t VIEW
|x http://catalog.udn.vn:80/F?func=service&doc_library=UDN01&local_base=UDN01&doc_number=000032960&sequence=000001&line_number=0001&func_code=DB_RECORDS&service_type=MEDIA
|f TOMTAT_000024764.pdf
|e pdf
|s 000273369
|k 20230529
|m NTMTHI
|
| 856 |
|
|
|l Library of UFL
|t VIEW
|x http://catalog.udn.vn:80/F?func=service&doc_library=UDN01&local_base=UDN01&doc_number=000032960&sequence=000002&line_number=0002&func_code=DB_RECORDS&service_type=MEDIA
|f luanvan_000024766.pdf
|e pdf
|s 000800898
|k 20230529
|m NTMTHI
|
| 980 |
|
|
|a Mạng thư viện Đại học Đà Nẵng
|